000 00557nam a2200193Ia 4500
005 20250923145112.0
008 008 250917s9999 xx 000 0 eng d
037 _aTextual
040 _aDSWL
_beng
_cDSWL
041 _aeng
_2eng
084 _aYX.2, N60;2
_qDSWL
245 0 _aSocial welfare in India
_cby Planning Commission , India
260 _aNew York
_b Planning Commission , Govt of India
_c1960
300 _avii,254 p.
365 _aINR
_b6.50
925 _g6.50
942 _cTEXL
_hYX.2, N60;2
999 _c1447127
_d1447127